<?xml version="1.0" encoding="UTF-8"?>
<record
    xmlns:xsi="http://www.w3.org/2001/XMLSchema-instance"
    xsi:schemaLocation="http://www.loc.gov/MARC21/slim http://www.loc.gov/standards/marcxml/schema/MARC21slim.xsd"
    xmlns="http://www.loc.gov/MARC21/slim">

  <leader>01645nam a22002537a 4500</leader>
  <controlfield tag="003">NALT</controlfield>
  <controlfield tag="005">20250826152812.0</controlfield>
  <controlfield tag="008">211117b        th ||||| |||| 00| 0 tha d</controlfield>
  <datafield tag="020" ind1=" " ind2=" ">
    <subfield code="a">9786164881662</subfield>
  </datafield>
  <datafield tag="040" ind1=" " ind2=" ">
    <subfield code="a">NALT</subfield>
  </datafield>
  <datafield tag="050" ind1=" " ind2=" ">
    <subfield code="a">HF 1602.15</subfield>
    <subfield code="b">&#xE19;263&#xE2D; 2564</subfield>
  </datafield>
  <datafield tag="100" ind1="0" ind2=" ">
    <subfield code="a">&#xE19;&#xE23;&#xE38;&#xE15;&#xE21;&#xE4C; &#xE40;&#xE08;&#xE23;&#xE34;&#xE0D;&#xE28;&#xE23;&#xE35;.</subfield>
    <subfield code="9">26980</subfield>
  </datafield>
  <datafield tag="245" ind1="1" ind2="0">
    <subfield code="a">&#xE2D;&#xE34;&#xE19;&#xE42;&#xE14;-&#xE41;&#xE1B;&#xE0B;&#xE34;&#xE1F;&#xE34;&#xE01;&#xE43;&#xE19;&#xE01;&#xE23;&#xE30;&#xE41;&#xE2A;&#xE01;&#xE32;&#xE23;&#xE40;&#xE1B;&#xE25;&#xE35;&#xE48;&#xE22;&#xE19;&#xE41;&#xE1B;&#xE25;&#xE07; : </subfield>
    <subfield code="b">&#xE22;&#xE38;&#xE17;&#xE18;&#xE28;&#xE32;&#xE2A;&#xE15;&#xE23;&#xE4C; FOIP &#xE02;&#xE2D;&#xE07;&#xE0D;&#xE35;&#xE48;&#xE1B;&#xE38;&#xE48;&#xE19;&#xE17;&#xE35;&#xE48;&#xE21;&#xE35;&#xE15;&#xE48;&#xE2D;&#xE22;&#xE38;&#xE17;&#xE18;&#xE28;&#xE32;&#xE2A;&#xE15;&#xE23;&#xE4C;&#xE02;&#xE2D;&#xE07;&#xE2A;&#xE2B;&#xE23;&#xE31;&#xE10;&#xE2F; &#xE41;&#xE25;&#xE30;&#xE08;&#xE35;&#xE19; &#xE41;&#xE25;&#xE30;&#xE1C;&#xE25;&#xE01;&#xE23;&#xE30;&#xE17;&#xE1A;&#xE15;&#xE48;&#xE2D;&#xE44;&#xE17;&#xE22; /</subfield>
    <subfield code="c">&#xE19;&#xE23;&#xE38;&#xE15;&#xE21;&#xE4C; &#xE40;&#xE08;&#xE23;&#xE34;&#xE0D;&#xE28;&#xE23;&#xE35;.</subfield>
  </datafield>
  <datafield tag="250" ind1=" " ind2=" ">
    <subfield code="a">&#xE1E;&#xE34;&#xE21;&#xE1E;&#xE4C;&#xE04;&#xE23;&#xE31;&#xE49;&#xE07;&#xE17;&#xE35;&#xE48; 1</subfield>
  </datafield>
  <datafield tag="260" ind1=" " ind2=" ">
    <subfield code="a">&#xE01;&#xE23;&#xE38;&#xE07;&#xE40;&#xE17;&#xE1E;&#xE2F; :</subfield>
    <subfield code="b">&#xE42;&#xE04;&#xE23;&#xE07;&#xE01;&#xE32;&#xE23;&#xE2A;&#xE31;&#xE19;&#xE15;&#xE34;&#xE44;&#xE21;&#xE15;&#xE23;&#xE35;&#xE44;&#xE17;&#xE22;-&#xE0D;&#xE35;&#xE48;&#xE1B;&#xE38;&#xE48;&#xE19; (Japan Watch) &#xE04;&#xE13;&#xE30;&#xE23;&#xE31;&#xE10;&#xE28;&#xE32;&#xE2A;&#xE15;&#xE23;&#xE4C; &#xE21;&#xE2B;&#xE32;&#xE27;&#xE34;&#xE17;&#xE22;&#xE32;&#xE25;&#xE31;&#xE22;&#xE18;&#xE23;&#xE23;&#xE21;&#xE28;&#xE32;&#xE2A;&#xE15;&#xE23;&#xE4C;,</subfield>
    <subfield code="c">2564.</subfield>
  </datafield>
  <datafield tag="300" ind1=" " ind2=" ">
    <subfield code="a">111 &#xE2B;&#xE19;&#xE49;&#xE32; :</subfield>
    <subfield code="b">&#xE20;&#xE32;&#xE1E;&#xE1B;&#xE23;&#xE30;&#xE01;&#xE2D;&#xE1A; ;</subfield>
    <subfield code="c">19 &#xE0B;&#xE21;.</subfield>
  </datafield>
  <datafield tag="490" ind1=" " ind2="0">
    <subfield code="a">&#xE0D;&#xE35;&#xE48;&#xE1B;&#xE38;&#xE48;&#xE19;&#xE2D;&#xE22;&#xE48;&#xE32;&#xE07;&#xE17;&#xE35;&#xE48;&#xE40;&#xE1B;&#xE47;&#xE19; ;</subfield>
    <subfield code="v">&#xE25;&#xE33;&#xE14;&#xE31;&#xE1A;&#xE17;&#xE35;&#xE48; 18</subfield>
  </datafield>
  <datafield tag="650" ind1=" " ind2="4">
    <subfield code="9">13110</subfield>
    <subfield code="a">&#xE19;&#xE42;&#xE22;&#xE1A;&#xE32;&#xE22;&#xE15;&#xE48;&#xE32;&#xE07;&#xE1B;&#xE23;&#xE30;&#xE40;&#xE17;&#xE28; </subfield>
    <subfield code="z">&#xE0D;&#xE35;&#xE48;&#xE1B;&#xE38;&#xE48;&#xE19;</subfield>
  </datafield>
  <datafield tag="651" ind1=" " ind2="4">
    <subfield code="9">56433</subfield>
    <subfield code="a">&#xE0D;&#xE35;&#xE48;&#xE1B;&#xE38;&#xE48;&#xE19; </subfield>
    <subfield code="x">&#xE04;&#xE27;&#xE32;&#xE21;&#xE2A;&#xE31;&#xE21;&#xE1E;&#xE31;&#xE19;&#xE18;&#xE4C;&#xE17;&#xE32;&#xE07;&#xE40;&#xE28;&#xE23;&#xE29;&#xE10;&#xE01;&#xE34;&#xE08;&#xE01;&#xE31;&#xE1A;&#xE15;&#xE48;&#xE32;&#xE07;&#xE1B;&#xE23;&#xE30;&#xE40;&#xE17;&#xE28;</subfield>
  </datafield>
  <datafield tag="850" ind1=" " ind2=" ">
    <subfield code="a">NALT</subfield>
  </datafield>
  <datafield tag="942" ind1=" " ind2=" ">
    <subfield code="c">GB</subfield>
    <subfield code="2">lcc</subfield>
  </datafield>
  <datafield tag="999" ind1=" " ind2=" ">
    <subfield code="c">98637</subfield>
    <subfield code="d">98637</subfield>
  </datafield>
  <datafield tag="998" ind1=" " ind2=" ">
    <subfield code="j">1020</subfield>
    <subfield code="k"> &#xE19;&#xE32;&#xE07;&#xE08;&#xE33;&#xE40;&#xE23;&#xE35;&#xE22;&#xE07;  &#xE23;&#xE30;&#xE27;&#xE31;&#xE07;&#xE2A;&#xE33;&#xE42;&#xE23;&#xE07;</subfield>
  </datafield>
  <datafield tag="952" ind1=" " ind2=" ">
    <subfield code="0">0</subfield>
    <subfield code="1">0</subfield>
    <subfield code="2">lcc</subfield>
    <subfield code="4">0</subfield>
    <subfield code="7">0</subfield>
    <subfield code="8">CGBL</subfield>
    <subfield code="a">NALT</subfield>
    <subfield code="b">NALT</subfield>
    <subfield code="c">GEN</subfield>
    <subfield code="d">2021-11-17</subfield>
    <subfield code="o">HF 1602.15 &#xE19;263&#xE2D; 2564</subfield>
    <subfield code="p">3961212435</subfield>
    <subfield code="r">2022-02-21 00:00:00</subfield>
    <subfield code="w">2021-11-17</subfield>
    <subfield code="y">GB</subfield>
  </datafield>
</record>
